| 000 | 00595nam a22001817a 4500 | ||
|---|---|---|---|
| 999 |
_c177770 _d177770 |
||
| 005 | 20210302172624.0 | ||
| 010 | _aENG-129125 | ||
| 020 |
_c150.00 _a978-93-88720-82-3 |
||
| 035 | _aEN-112657 | ||
| 037 | _bDBAD/PUB | ||
| 082 | _a921 | ||
| 100 | _aFranklin, Benjamin | ||
| 245 |
_aThe Autobiography of Benjamin Franklin/ _cBenjamin Franklin |
||
| 260 |
_aDelhi _bPharos Books (P) Ltd. _c2020 |
||
| 270 |
_bDelhi _e110092 _aA-55, Main Mother Dairy Road, Pandav Nagar _k8447931000, 9319228272 _msales@pharosbooks.in |
||
| 300 |
_a175p. _c22cm(pbk) |
||
| 942 |
_2ddc _cEN _h921 _mFRA |
||